| 000 | 00927njm a2200265Ia 4500 | ||
|---|---|---|---|
| 001 | C4473 | ||
| 003 | IT-RoPAU | ||
| 005 | 20220918181128.0 | ||
| 008 | 131025s9999 xx 000 0 und d | ||
| 040 | _aIT-RoPAU | ||
| 040 | _cIT-RoPAU | ||
| 999 |
_c100335 _d100335 |
||
| 999 | _bn.d. | ||
| 100 |
_aCasagrande Alessandro _929956 |
||
| 100 |
_eAutore musica _929957 |
||
| 100 |
_gCodice autore musica SPICS: 41223 _929958 |
||
| 245 | _aFantasie di Pinocchio | ||
| 250 | _a1a ed. | ||
| 260 | _aROMA | ||
| 260 | _bSPICS RECORDS | ||
| 300 | _aMUSICASSETTA | ||
| 500 | _aMusica sinfonica. Lato b parlato. Cassetta riversata da nastro. | ||
| 505 | _aSuite sinfonica: il teatro dei burattini - Mangiafuoco - La Fatina Azzurra - Il bosco - Il gatto e la volpe - Il paese dei balocchi - Sul lato b: preparazione dei religiosi ai mass media di Nazareno Taddei. | ||
| 650 |
_aSINFONICA [CASSETTE] _eCodice MATERIA SPICS: 9951 _91385 |
||
| 942 |
_cMC _2ddc |
||